00679nam a2200157Ia 4500008004100000040001800041041000800059110005100067245012900118260004900247300001800296651004700314651005700361651006600418700003700484130821s1917 ck gr spa  aCo-BoUCMbspa00aspa1 aColombia.bMinisterio de Relaciones Exteriores10aInforme del Ministro de relaciones Exteriores al Congreso de 1917cMinisterio de Relaciones Exteriores, Marco Filde Suárez aBogotá (Colombia)bImprenta Nacionalc1917 a252 páginas 7aColombiabRelaciones internacionalesy1917 7aColombiaxAdministración públicavInformesy191714aColombiabMinisterio de Relaciones ExterioresvInformesy19171 aSuárez, Marco Fideld1855-1927